| 000 -LEADER |
| fixed length control field |
01888nam a2200409 i 4500 |
| 001 - CONTROL NUMBER |
| control field |
ocm014619832 |
| 003 - CONTROL NUMBER IDENTIFIER |
| control field |
Uk |
| 005 - DATE AND TIME OF LATEST TRANSACTION |
| control field |
20250918093456.0 |
| 008 - FIXED-LENGTH DATA ELEMENTS--GENERAL INFORMATION |
| fixed length control field |
180712s2008 enka e 000 1 eng d |
| 020 ## - INTERNATIONAL STANDARD BOOK NUMBER |
| International Standard Book Number |
9780194789004 |
| 040 ## - CATALOGING SOURCE |
| Original cataloging agency |
EYA |
| Transcribing agency |
EYA |
| Modifying agency |
Uk |
| -- |
CaOL |
| -- |
KH8 |
| Description conventions |
rda |
| 082 ## - DEWEY DECIMAL CLASSIFICATION NUMBER |
| Classification number |
428.6 TWA |
| 100 1# - MAIN ENTRY--PERSONAL NAME |
| Personal name |
Bullard, Nick, |
| Relator term |
author. |
| 245 14 - TITLE STATEMENT |
| Title |
The adventures of Tom Sawyer / |
| Statement of responsibility, etc. |
Mark Twain ; retold by Nick Bullard ; illustrated by Paul Fisher Johnson. |
| 264 #1 - PRODUCTION, PUBLICATION, DISTRIBUTION, MANUFACTURE, AND COPYRIGHT NOTICE |
| Place of production, publication, distribution, manufacture |
Oxford, [England] : |
| Name of producer, publisher, distributor, manufacturer |
Oxford University Press, |
| Date of production, publication, distribution, manufacture, or copyright notice |
2008. |
| 264 #4 - PRODUCTION, PUBLICATION, DISTRIBUTION, MANUFACTURE, AND COPYRIGHT NOTICE |
| Date of production, publication, distribution, manufacture, or copyright notice |
©2008. |
| 300 ## - PHYSICAL DESCRIPTION |
| Extent |
56 pages : |
| Other physical details |
illustrations ; |
| Dimensions |
20 cm. |
| 336 ## - CONTENT TYPE |
| Content type term |
text |
| Source |
rdacontent. |
| 337 ## - MEDIA TYPE |
| Media type term |
unmediated |
| Source |
rdamedia. |
| 338 ## - CARRIER TYPE |
| Carrier type term |
volume |
| Source |
rdacarrier. |
| 490 1# - SERIES STATEMENT |
| Series statement |
Oxford bookworms library. Stage 1, Classics. |
| 500 ## - GENERAL NOTE |
| General note |
Included in the reader: story and activities. |
| 500 ## - GENERAL NOTE |
| General note |
First published in Oxford Bookworms 1998. |
| 520 ## - SUMMARY, ETC. |
| Summary, etc. |
"Tom Sawyer does not like school. He does not like work, and he never wants to get out of bed in the morning. But he likes swimming and fishing, and having adventures with his friends. And he has a lot of adventrues. One night, he and his friend Huck Finn go to the graveyard to look for ghosts. They don't see any ghosts that night. They see something worse than a ghost - much, much worse..." --Back cover. |
| 650 #0 - SUBJECT ADDED ENTRY--TOPICAL TERM |
| Topical term or geographic name entry element |
Reading comprehension |
| Form subdivision |
Problems, exercises, etc. |
| 650 #0 - SUBJECT ADDED ENTRY--TOPICAL TERM |
| Topical term or geographic name entry element |
Sawyer, Tom (Fictitious character) |
| Form subdivision |
Fiction. |
| 650 #0 - SUBJECT ADDED ENTRY--TOPICAL TERM |
| Topical term or geographic name entry element |
Boys |
| Geographic subdivision |
Missouri |
| Form subdivision |
Fiction. |
| 650 #0 - SUBJECT ADDED ENTRY--TOPICAL TERM |
| Topical term or geographic name entry element |
Action and adventure fiction. |
| Source of heading or term |
genre. |
| 650 #0 - SUBJECT ADDED ENTRY--TOPICAL TERM |
| Topical term or geographic name entry element |
High interest-low vocabulary books. |
| Source of heading or term |
genre. |
| 650 #0 - SUBJECT ADDED ENTRY--TOPICAL TERM |
| Topical term or geographic name entry element |
Readers (Adult) |
| Source of heading or term |
genre. |
| 650 #0 - SUBJECT ADDED ENTRY--TOPICAL TERM |
| Topical term or geographic name entry element |
Readers for new literates. |
| Source of heading or term |
genre. |
| 700 ## - ADDED ENTRY--PERSONAL NAME |
| Personal name |
Bassett. Jennifer, |
| Relator term |
editor. |
| 700 ## - ADDED ENTRY--PERSONAL NAME |
| Personal name |
Hedge, Tricia, |
| Relator term |
editor. |
| 700 ## - ADDED ENTRY--PERSONAL NAME |
| Personal name |
Baxter, Alison, |
| Relator term |
editor. |
| 830 #0 - SERIES ADDED ENTRY--UNIFORM TITLE |
| Uniform title |
Oxford bookworms library. |
| Name of part/section of a work |
Classics. |
| Number of part/section of a work |
Stage 1. |
| 942 ## - ADDED ENTRY ELEMENTS (KOHA) |
| Source of classification or shelving scheme |
|
| Koha item type |
Teaching Resources |